History Quiz

Random History or Clickable Quiz

Greek Heroes (easy) Quiz Stats

Quiz not verified by Sporcle

Challenge
Share
Tweet
Embed
Score 0/8 Timer 01:30
0 Plays Today
% Correct
Achilles
97.4%
Odysseus
97.4%
Jason
92.1%
Orpheus
92.1%
Heracles
89.5%
Perseus
81.6%
Daedalus
81.6%
Theseus
68.4%

You're not logged in!

Compare scores with friends on all Sporcle quizzes.
Sign Up with Email
OR
Log In

You Might Also Like...

Show Comments

Extras

Top Quizzes Today


Score Distribution

Your Account Isn't Verified!

In order to create a playlist on Sporcle, you need to verify the email address you used during registration. Go to your Sporcle Settings to finish the process.